[Event "4.Mansfelder Schloss-Open"]
[Site "Schloss Mansfeld"]
[Date "2019.07.04"]
[Round "1.2"]
[White "Haubold, Sebastian Marcel"]
[Black "Baer, Soeren"]
[Result "0-1"]
[WhiteElo "1506"]
[BlackElo "2124"]
[PlyCount "82"]
[EventDate "2019.??.??"]

1. e4 c5 2. Nf3 g6 3. d4 cxd4 4. Nxd4 Nc6 5. Nc3 Bg7 6. Be3 Nf6 7. f3 O-O 8.
Bc4 Qb6 9. Bb3 Nxe4 10. Nd5 Qa5+ 11. c3 Nc5 12. Nxc6 dxc6 13. Nxe7+ Kh8 14. O-O
Nxb3 15. Qxb3 Qe5 16. Rfe1 Qxe7 17. Bxa7 Be6 18. Qb6 Rfd8 19. Qe3 Qh4 20. Bc5
Rd5 21. f4 Rad8 22. Bb6 R8d7 23. Qf3 h6 24. Bf2 Qd8 25. Be3 Rd3 26. Qe2 Kh7 27.
Kf2 Qh4+ 28. Kg1 Bc4 29. g3 Qd8 30. Qf3 Bd5 31. Qe2 Be6 32. Qf3 h5 33. Qe2 Bg4
34. Qf2 Re7 35. Kg2 Qd5+ 36. Kg1 Bh3 37. Bc5 Rxe1+ 38. Rxe1 Rd2 39. Re2 Rd1+
40. Re1 Rxe1+ 41. Qxe1 Qg2# 0-1

[Event "4.Mansfelder Schloss-Open"]
[Site "Schloss Mansfeld"]
[Date "2019.07.04"]
[Round "1.3"]
[White "Groebel, Aaron"]
[Black "Groebel, Henning"]
[Result "1-0"]
[WhiteElo "2109"]
[BlackElo "1490"]
[PlyCount "47"]
[EventDate "2019.??.??"]

1. e4 d6 2. d4 Nf6 3. Nc3 Nbd7 4. f4 e5 5. Nf3 exd4 6. Nxd4 Be7 7. Bd3 O-O 8.
O-O Nc5 9. Kh1 Ne6 10. Nf5 Bd7 11. Rf3 g6 12. Nh6+ Kh8 13. e5 Nh5 14. f5 gxf5
15. Rxf5 Nhg7 16. Nxf7+ Rxf7 17. Rxf7 dxe5 18. Bh6 Be8 19. Rxg7 Nxg7 20. Qg4
Bg6 21. Bxg6 hxg6 22. Qxg6 Bf8 23. Rf1 Qd7 24. Rf7 1-0

[Event "4.Mansfelder Schloss-Open"]
[Site "Schloss Mansfeld"]
[Date "2019.07.04"]
[Round "1.4"]
[White "Witthuhn, Kerstin"]
[Black "Just, Wolfgang"]
[Result "0-1"]
[WhiteElo "1472"]
[BlackElo "2105"]
[PlyCount "66"]
[EventDate "2019.??.??"]

1. e4 e6 2. Nf3 d5 3. e5 c5 4. c3 Nc6 5. d4 cxd4 6. cxd4 Bb4+ 7. Nc3 Nge7 8.
Be2 Nf5 9. Bg5 Qb6 10. Be3 Bd7 11. O-O Na5 12. Rb1 Rc8 13. Bd3 Bxc3 14. bxc3
Qc7 15. Rc1 Nc4 16. Bxf5 exf5 17. Qd3 O-O 18. Bf4 Qc6 19. Nh4 Qe6 20. Qg3 Rc6
21. Bg5 Kh8 22. Nf3 h6 23. Qh4 Kg8 24. Bf4 g5 25. Bxg5 hxg5 26. Nxg5 Qh6 27.
Qg3 Rg6 28. h4 Nd2 29. Rfe1 Ne4 30. Qf4 Nxg5 31. hxg5 Rxg5 32. Qf3 f4 33. Qxf4
Rxg2+ 0-1

[Event "4.Mansfelder Schloss-Open"]
[Site "Schloss Mansfeld"]
[Date "2019.07.04"]
[Round "1.5"]
[White "Michael, Dirk"]
[Black "Voigt, Anastasia"]
[Result "1-0"]
[WhiteElo "2081"]
[BlackElo "1447"]
[PlyCount "93"]
[EventDate "2019.??.??"]

1. c4 c5 2. Nc3 Nf6 3. g3 Nc6 4. Bg2 g6 5. a3 Bg7 6. Rb1 e6 7. b4 cxb4 8. axb4
Rb8 9. d4 d5 10. Bf4 Ra8 11. Nb5 O-O 12. Nc7 Rb8 13. b5 Ne7 14. Nxd5 exd5 15.
Bxb8 Bf5 16. Be5 Bxb1 17. Qxb1 Qa5+ 18. Kf1 dxc4 19. Bxb7 Ned5 20. Bxf6 Nxf6
21. Bc6 Ne8 22. Nf3 Nd6 23. Kg2 Rb8 24. Rc1 a6 25. e4 Qb6 26. Qb4 Nxb5 27. Rxc4
Nxd4 28. Qxb6 Rxb6 29. Bd5 Nxf3 30. Rc8+ Bf8 31. Kxf3 Kg7 32. Rc7 Rf6+ 33. Ke2
Bd6 34. Rd7 Bc5 35. f4 Kf8 36. e5 Rf5 37. Kf3 Rh5 38. Rxf7+ Ke8 39. h4 a5 40.
Rc7 Bb4 41. Rb7 Kf8 42. Be4 Ke8 43. Kg2 Kf8 44. Kh3 Be1 45. Rb1 Bf2 46. Rf1 Bb6
47. g4 1-0

[Event "4.Mansfelder Schloss-Open"]
[Site "Schloss Mansfeld"]
[Date "2019.07.04"]
[Round "1.6"]
[White "Petersen, Sophie"]
[Black "Hamlack, Heinz"]
[Result "0-1"]
[WhiteElo "1430"]
[BlackElo "2011"]
[PlyCount "64"]
[EventDate "2019.??.??"]

1. e4 c6 2. Nf3 d5 3. Nc3 Bg4 4. h3 Bh5 5. g4 Bg6 6. exd5 cxd5 7. Bg2 Nc6 8.
O-O e6 9. a3 Nf6 10. d4 Qb6 11. Re1 Be7 12. Rb1 O-O 13. Ne5 Rfd8 14. Nxg6 hxg6
15. Be3 Rac8 16. Qd2 Na5 17. Qe2 Nc4 18. Na2 Bd6 19. c3 a5 20. b4 a4 21. Bc1
Qc7 22. Qc2 b5 23. g5 Nh5 24. h4 Nf4 25. Bf1 Qc6 26. Bb2 Bb8 27. Qd1 Qd6 28.
Qf3 Nd2 29. Qh1 Nxb1 30. Rxb1 Qd7 31. Nc1 e5 32. Nd3 Qg4+ 0-1

[Event "4.Mansfelder Schloss-Open"]
[Site "Schloss Mansfeld"]
[Date "2019.07.04"]
[Round "1.8"]
[White "Reger, Volker"]
[Black "Stockmann, Till"]
[Result "0-1"]
[WhiteElo "1407"]
[BlackElo "1933"]
[PlyCount "62"]
[EventDate "2019.??.??"]

1. e4 c5 2. Nf3 e6 3. c3 Nc6 4. d4 Nf6 5. d5 exd5 6. exd5 Qe7+ 7. Be2 Ne5 8.
O-O d6 9. Re1 Bd7 10. Nxe5 dxe5 11. c4 O-O-O 12. Bg5 h6 13. Bh4 g5 14. Bg3 Ne8
15. Bf3 f6 16. Qb3 h5 17. h3 g4 18. hxg4 hxg4 19. Be4 Nd6 20. Nc3 Qg7 21. a4
Re8 22. Nb5 Kb8 23. Qa3 Nxc4 24. Qd3 Nd6 25. Bg6 Rc8 26. Nxd6 Bxd6 27. Bf5 Qh6
28. f3 c4 29. Qe4 Bc5+ 30. Kf1 Bxf5 31. Qxf5 Qd2 0-1

[Event "4.Mansfelder Schloss-Open"]
[Site "Schloss Mansfeld"]
[Date "2019.07.04"]
[Round "1.9"]
[White "Morgenstern, Tobias"]
[Black "Haubold, Christian Lucas"]
[Result "1-0"]
[WhiteElo "1897"]
[BlackElo "1387"]
[PlyCount "109"]
[EventDate "2019.??.??"]

1. e4 c5 2. Nf3 d6 3. d4 cxd4 4. Qxd4 Nc6 5. Bb5 Bd7 6. Bxc6 Bxc6 7. Nc3 e5 8.
Qd3 Nf6 9. Bg5 Be7 10. O-O-O Qa5 11. Bxf6 gxf6 12. Nd5 Bxd5 13. Qxd5 Qxd5 14.
Rxd5 O-O-O 15. Nh4 Rhg8 16. Nf5 Bf8 17. g3 Kc7 18. Rhd1 b6 19. Kd2 Kc6 20. Kc3
a6 21. b4 h5 22. a4 Kc7 23. a5 b5 24. Kb3 Kc6 25. c4 bxc4+ 26. Kxc4 Rg4 27. f3
Rg8 28. b5+ axb5+ 29. Rxb5 Rc8 30. Rb6+ Kd7+ 31. Kb5 Rc5+ 32. Ka6 Rc6 33. Ka7
Bg7 34. Rxc6 Kxc6 35. Ne7+ Kb5 36. Nxg8 Kxa5 37. Rxd6 Kb4 38. Nxf6 Bf8 39. Rc6
Bc5+ 40. Kb7 Bg1 41. h3 h4 42. gxh4 Bf2 43. h5 Bh4 44. h6 Bxf6 45. Rxf6 Kc3 46.
Rd6 Kc4 47. h7 Kc5 48. Rd5+ Kb4 49. h8=Q f6 50. Qf8+ Kb3 51. Qd6 f5 52. Qb6+
Kc4 53. Qc6+ Kb4 54. Rb5+ Ka4 55. Qa6# 1-0

[Event "4.Mansfelder Schloss-Open"]
[Site "Schloss Mansfeld"]
[Date "2019.07.04"]
[Round "2.1"]
[White "Pikalow, Michael"]
[Black "Peschel, Andreas"]
[Result "1/2-1/2"]
[WhiteElo "1783"]
[BlackElo "2170"]
[PlyCount "61"]
[EventDate "2019.??.??"]

1. e4 g6 2. d4 Bg7 3. Nc3 c6 4. Nf3 d5 5. h3 dxe4 6. Nxe4 Nf6 7. Nxf6+ exf6 8.
Bc4 O-O 9. O-O a5 10. a4 Na6 11. Bf4 Nb4 12. Qd2 Bf5 13. c3 Nd5 14. Bh6 Qd6 15.
Bxg7 Kxg7 16. Nh4 Be6 17. Rfe1 Rfe8 18. Nf3 Nb6 19. Bxe6 Rxe6 20. Qc2 Nd5 21.
Rxe6 Qxe6 22. Re1 Qd7 23. Nd2 Re8 24. Rxe8 Qxe8 25. Qe4 Qb8 26. Nb3 Qc7 27. Nc5
Nb6 28. Qe8 Qf4 29. Qe3 Qf5 30. Nxb7 Nxa4 31. Nd6 1/2-1/2

[Event "4.Mansfelder Schloss-Open"]
[Site "Schloss Mansfeld"]
[Date "2019.07.04"]
[Round "2.2"]
[White "Baer, Soeren"]
[Black "Zerfass, Otfried"]
[Result "1/2-1/2"]
[WhiteElo "2124"]
[BlackElo "1829"]
[PlyCount "72"]
[EventDate "2019.??.??"]

1. Nf3 g6 2. d4 Bg7 3. g3 c5 4. c4 cxd4 5. Nxd4 Nc6 6. Nc2 Nf6 7. Bg2 O-O 8.
O-O d6 9. Nc3 Be6 10. b3 Qd7 11. Bb2 Bh3 12. Ne3 Bxg2 13. Kxg2 Rad8 14. Qd2 Ne5
15. h3 Qc6+ 16. Kh2 Ne4 17. Nxe4 Qxe4 18. f4 Nc6 19. Bxg7 Kxg7 20. Rad1 e6 21.
Qb2+ f6 22. Ng4 d5 23. Nf2 Qe3 24. cxd5 exd5 25. Rd3 Qe7 26. Rfd1 d4 27. a3
Rfe8 28. R1d2 a6 29. b4 Qc7 30. Rc2 Qb6 31. Rcd2 Re7 32. Rf3 Rde8 33. Nd3 Re3
34. Rf2 Qc7 35. Rc2 Qe7 36. Nc5 h5 1/2-1/2

[Event "4.Mansfelder Schloss-Open"]
[Site "Schloss Mansfeld"]
[Date "2019.07.04"]
[Round "2.4"]
[White "Just, Wolfgang"]
[Black "Reckner, Jens"]
[Result "1-0"]
[WhiteElo "2105"]
[BlackElo "1764"]
[PlyCount "67"]
[EventDate "2019.??.??"]

1. e4 e6 2. d4 d5 3. Nc3 dxe4 4. Nxe4 Nf6 5. Nxf6+ Qxf6 6. Nf3 Qd8 7. Bd3 Be7
8. Be3 Nd7 9. c3 O-O 10. Qc2 g6 11. h4 Re8 12. h5 Nf8 13. hxg6 fxg6 14. Ne5 Bf6
15. O-O-O Re7 16. Ng4 Rd7 17. Nxf6+ Qxf6 18. Rh3 Rf7 19. Rdh1 e5 20. Rf3 Qe6
21. Rxf7 Qxf7 22. dxe5 Qxa2 23. Rh4 Qf7 24. Bg5 Bf5 25. Bxf5 Qxf5 26. Qxf5 gxf5
27. Rf4 Ng6 28. Rxf5 Rf8 29. Rxf8+ Kxf8 30. e6 h5 31. f4 Ke8 32. f5 Ne5 33. f6
c6 34. Kd2 1-0

[Event "4.Mansfelder Schloss-Open"]
[Site "Schloss Mansfeld"]
[Date "2019.07.04"]
[Round "2.5"]
[White "Hamlack, Heinz"]
[Black "Kalliwoda, Enrico"]
[Result "1-0"]
[WhiteElo "2011"]
[BlackElo "1754"]
[PlyCount "57"]
[EventDate "2019.??.??"]

1. d4 Nf6 2. Nf3 g6 3. c4 Bg7 4. Nc3 d6 5. h3 O-O 6. e4 e5 7. d5 a5 8. Bg5 Na6
9. Be2 Nc5 10. Qc2 Bd7 11. O-O Qc8 12. Nh2 h6 13. Bxf6 Bxf6 14. Bg4 Bg7 15.
Bxd7 Qxd7 16. Nf3 f5 17. Nd2 f4 18. f3 Bf6 19. b3 Bh4 20. a3 h5 21. b4 Na6 22.
Rfb1 axb4 23. axb4 Nxb4 24. Qb3 Nd3 25. Rxa8 Rxa8 26. Qxb7 Bf2+ 27. Kf1 Ra7 28.
Qb8+ Kg7 29. Ke2 1-0

[Event "4.Mansfelder Schloss-Open"]
[Site "Schloss Mansfeld"]
[Date "2019.07.04"]
[Round "2.6"]
[White "Dammkoehler, Gerd"]
[Black "Zeuner, Ole"]
[Result "0-1"]
[WhiteElo "1742"]
[BlackElo "1970"]
[PlyCount "64"]
[EventDate "2019.??.??"]

1. d4 Nf6 2. Bf4 e6 3. e3 d5 4. Nd2 Bd6 5. Bg3 c5 6. c3 O-O 7. Bd3 Nc6 8. Ngf3
Qe7 9. O-O e5 10. dxe5 Nxe5 11. Nxe5 Bxe5 12. Bxe5 Qxe5 13. Nf3 Qe7 14. h3 b6
15. Qc2 Ne4 16. Bxe4 dxe4 17. Nd2 Re8 18. a4 Qh4 19. f3 exf3 20. Rxf3 Bb7 21.
Rf4 Qg3 22. Nf1 Qg5 23. Rd1 Rad8 24. Rxd8 Rxd8 25. Qf2 Rd7 26. Rg4 Qd5 27. Qg3
g6 28. c4 Qe6 29. h4 Qf6 30. Qf2 Kg7 31. Rf4 Qe5 32. Nd2 Qxb2 0-1

[Event "4.Mansfelder Schloss-Open"]
[Site "Schloss Mansfeld"]
[Date "2019.07.04"]
[Round "2.7"]
[White "Stockmann, Till"]
[Black "Kaschuba, Juergen"]
[Result "1-0"]
[WhiteElo "1933"]
[BlackElo "1719"]
[PlyCount "71"]
[EventDate "2019.??.??"]

1. e4 e5 2. Nf3 Nf6 3. Nxe5 Qe7 4. Nf3 Qxe4+ 5. Be2 Be7 6. O-O O-O 7. Nc3 Qc6
8. d4 d5 9. Re1 Bb4 10. Ne5 Qb6 11. Na4 Qd6 12. c3 Ba5 13. Bf4 Qd8 14. Nc5 Bb6
15. Nb3 Nbd7 16. Bd3 c6 17. Bc2 Bc7 18. Qd3 h6 19. Nd2 Re8 20. Ndf3 Nf8 21. h3
Ne4 22. Bb3 Bf5 23. Qd1 Qf6 24. Bh2 Ng5 25. Re3 Re7 26. Nxg5 Qxg5 27. Rg3 Qh4
28. Rf3 Be4 29. Rf4 Qg5 30. Rg4 Qf5 31. f3 h5 32. fxe4 dxe4 33. Rf4 Qc8 34.
Rxf7 Rxf7 35. Bxf7+ Kh8 36. Qxh5+ 1-0

[Event "4.Mansfelder Schloss-Open"]
[Site "Schloss Mansfeld"]
[Date "2019.07.04"]
[Round "2.9"]
[White "Zimmermann, Jens"]
[Black "Gremmer, Dieter"]
[Result "1-0"]
[WhiteElo "1864"]
[BlackElo "1716"]
[PlyCount "47"]
[EventDate "2019.??.??"]

1. Nf3 Nc6 2. d4 d5 3. g3 Nf6 4. Bg2 Bf5 5. c4 e6 6. O-O h6 7. Nc3 a6 8. cxd5
exd5 9. Ne5 Be7 10. Bf4 O-O 11. Rc1 Be6 12. Nxc6 bxc6 13. Na4 Bd7 14. Nc5 Be8
15. Qd3 a5 16. Rc2 Nh5 17. Bd2 Qb8 18. e4 dxe4 19. Qxe4 Qd8 20. Nb7 Qd7 21.
Nxa5 Ra6 22. Nxc6 Bd6 23. Qe2 Nf6 24. Qxa6 1-0

[Event "4.Mansfelder Schloss-Open"]
[Site "Schloss Mansfeld"]
[Date "2019.07.04"]
[Round "2.10"]
[White "Markus, Roland"]
[Black "Schulemann, Gero"]
[Result "1/2-1/2"]
[WhiteElo "1660"]
[BlackElo "1862"]
[PlyCount "118"]
[EventDate "2019.??.??"]

1. d4 Nf6 2. Bf4 e6 3. e3 c5 4. c3 Nc6 5. Nd2 d5 6. h3 Qb6 7. Qb3 Be7 8. Ngf3
O-O 9. Be2 Bd7 10. O-O c4 11. Qxb6 axb6 12. a3 Ra7 13. Ne5 b5 14. Nxd7 Nxd7 15.
e4 Rfa8 16. exd5 exd5 17. Rae1 Nb6 18. Bf3 Na4 19. Rb1 Bxa3 20. bxa3 Nxc3 21.
Rb2 Nxd4 22. Bd6 Nxf3+ 23. Nxf3 Ne4 24. Bb4 Rd8 25. Nd4 Raa8 26. Re1 g6 27.
Nxb5 Rd7 28. f3 Ng3 29. Kh2 Nf5 30. g4 Ng7 31. Nd4 Rc8 32. Bc3 h5 33. Rbe2 b6
34. Re7 Rcd8 35. Nc6 Rxe7 36. Rxe7 Rd6 37. Ne5 Rf6 38. Rd7 hxg4 39. hxg4 Rf4
40. Rd8+ Kh7 41. Rxd5 f6 42. Nd7 Rxf3 43. Nxf6+ Kh6 44. Bd2+ g5 45. Bxg5+ Kg6
46. Ne4 Rxa3 47. Rd6+ Kf7 48. Rxb6 c3 49. Rf6+ Kg8 50. Rf2 Ne6 51. Bc1 Ra1 52.
Rc2 Nd4 53. Rxc3 Nf3+ 54. Rxf3 Rxc1 55. Kg3 Kg7 56. Kh4 Kg6 57. Rf6+ Kg7 58.
Kg5 Rc4 59. Nd6 Rxg4+ 1/2-1/2

[Event "4.Mansfelder Schloss-Open"]
[Site "Schloss Mansfeld"]
[Date "2019.07.05"]
[Round "3.1"]
[White "Groebel, Aaron"]
[Black "Stockmann, Till"]
[Result "1-0"]
[WhiteElo "2109"]
[BlackElo "1933"]
[PlyCount "49"]
[EventDate "2019.??.??"]

1. e4 c5 2. g3 Nc6 3. Bg2 g6 4. Nh3 d5 5. exd5 Bxh3 6. Bxh3 Qxd5 7. O-O e6 8.
Nc3 Qd7 9. d3 Nf6 10. Be3 Nd4 11. Ne4 Nxe4 12. dxe4 O-O-O 13. c3 Nc6 14. Qa4
Qc7 15. b4 cxb4 16. cxb4 Bxb4 17. Rab1 Qa5 18. Qb3 Rd7 19. Rfc1 Bd6 20. Bg2 Qa6
21. Bf1 Qa3 22. Qb5 Kd8 23. Bg5+ Ke8 24. Bf6 e5 25. Rxc6 1-0

[Event "4.Mansfelder Schloss-Open"]
[Site "Schloss Mansfeld"]
[Date "2019.07.05"]
[Round "3.2"]
[White "Zeuner, Ole"]
[Black "Just, Wolfgang"]
[Result "1-0"]
[WhiteElo "1970"]
[BlackElo "2105"]
[PlyCount "113"]
[EventDate "2019.??.??"]

1. e4 e6 2. d4 d5 3. Nd2 c5 4. exd5 exd5 5. Ngf3 Nc6 6. Bb5 Bd6 7. dxc5 Bxc5 8.
Nb3 Bd6 9. O-O Nge7 10. Re1 O-O 11. Bd3 Ng6 12. Bg5 Nce7 13. c3 f6 14. Be3 Bg4
15. Nbd4 Ne5 16. Bc2 Nxf3+ 17. Nxf3 Qc7 18. h3 Bh5 19. Bb3 Rad8 20. Bd4 Kh8 21.
Qd3 Bg6 22. Qd2 Be4 23. Qe2 Nc6 24. Be3 Na5 25. Bc2 Rfe8 26. Nd4 a6 27. Rad1
Bxc2 28. Qxc2 Nc6 29. Nf5 Be5 30. Kh1 g6 31. Nh4 Qa5 32. Qb3 d4 33. cxd4 Nxd4
34. Qxb7 g5 35. Bxd4 Bxd4 36. Rxe8+ Rxe8 37. b4 Qb6 38. Qf7 Rg8 39. Nf5 Qa7 40.
Qxa7 Bxa7 41. f3 Re8 42. g4 h5 43. Rd6 hxg4 44. hxg4 Bf2 45. Rxa6 Re1+ 46. Kg2
Re2 47. Kf1 Rb2 48. a4 Bh4 49. b5 Rf2+ 50. Kg1 Rxf3 51. b6 Rb3 52. Ra8+ Kh7 53.
Ra7+ Kg8 54. b7 Bf2+ 55. Kxf2 Kf7 56. b8=Q+ Kg6 57. Rg7# 1-0

[Event "4.Mansfelder Schloss-Open"]
[Site "Schloss Mansfeld"]
[Date "2019.07.05"]
[Round "3.3"]
[White "Zimmermann, Jens"]
[Black "Hamlack, Heinz"]
[Result "1/2-1/2"]
[WhiteElo "1864"]
[BlackElo "2011"]
[PlyCount "37"]
[EventDate "2019.??.??"]

1. Nf3 Nf6 2. c4 c5 3. g3 Nc6 4. Nc3 g6 5. Bg2 Bg7 6. d4 cxd4 7. Nxd4 O-O 8.
O-O Nxd4 9. Qxd4 d6 10. Qd3 Rb8 11. e4 a6 12. h3 Be6 13. Be3 Qc8 14. Nd5 Nxd5
15. cxd5 Bxh3 16. Rac1 Qd7 17. Bxh3 Qxh3 18. Rc7 f5 19. Bf4 1/2-1/2

[Event "4.Mansfelder Schloss-Open"]
[Site "Schloss Mansfeld"]
[Date "2019.07.05"]
[Round "3.4"]
[White "Peschel, Andreas"]
[Black "Schmidt, Alexander"]
[Result "1-0"]
[WhiteElo "2170"]
[BlackElo "1833"]
[PlyCount "53"]
[EventDate "2019.??.??"]

1. Nf3 Nf6 2. g3 c5 3. Bg2 Nc6 4. O-O d5 5. c4 d4 6. d3 Bg4 7. b4 cxb4 8. a3 e5
9. axb4 Bxb4 10. Nxe5 Nxe5 11. Qa4+ Qd7 12. Qxb4 Nc6 13. Qc5 Rc8 14. Bb2 b6 15.
Bxc6 Rxc6 16. Qxd4 O-O 17. Qxd7 Nxd7 18. Rxa7 Bxe2 19. Rxd7 Bxf1 20. Kxf1 Re6
21. Nc3 Rfe8 22. Ne4 R6e7 23. Rxe7 Rxe7 24. Nc3 f6 25. Nd5 Re6 26. Bd4 b5 27.
Nc7 1-0

[Event "4.Mansfelder Schloss-Open"]
[Site "Schloss Mansfeld"]
[Date "2019.07.05"]
[Round "3.6"]
[White "Morgenstern, Tobias"]
[Black "Pikalow, Michael"]
[Result "1-0"]
[WhiteElo "1897"]
[BlackElo "1783"]
[PlyCount "35"]
[EventDate "2019.??.??"]

1. e4 c5 2. Nf3 Nf6 3. Nc3 Nc6 4. Bb5 Qc7 5. O-O a6 6. Bxc6 Qxc6 7. e5 Nd5 8.
Ne4 e6 9. d4 cxd4 10. Nxd4 Qc7 11. f4 Be7 12. Qg4 g6 13. Qg3 b6 14. b3 Bb7 15.
f5 exf5 16. Nd6+ Bxd6 17. exd6 Qc3 18. Qe5+ 1-0

[Event "4.Mansfelder Schloss-Open"]
[Site "Schloss Mansfeld"]
[Date "2019.07.05"]
[Round "3.8"]
[White "Zerfass, Otfried"]
[Black "Kageler, Anton Paul"]
[Result "1-0"]
[WhiteElo "1829"]
[BlackElo "1563"]
[PlyCount "31"]
[EventDate "2019.??.??"]

1. e4 c5 2. Nc3 Nc6 3. f4 g6 4. Nf3 Bg7 5. Bb5 e6 6. Bxc6 bxc6 7. d3 Ne7 8. O-O
O-O 9. Qe1 d5 10. e5 Nf5 11. Qf2 d4 12. Na4 Qd5 13. b3 Rd8 14. Ng5 Ba6 15. Ne4
Bf8 16. Nf6+ 1-0

[Event "4.Mansfelder Schloss-Open"]
[Site "Schloss Mansfeld"]
[Date "2019.07.05"]
[Round "3.9"]
[White "Reckner, Jens"]
[Black "Markus, Roland"]
[Result "1-0"]
[WhiteElo "1764"]
[BlackElo "1660"]
[PlyCount "45"]
[EventDate "2019.??.??"]

1. d4 Nf6 2. Nc3 d5 3. Bf4 c6 4. e3 Bf5 5. Bd3 Bxd3 6. Qxd3 e6 7. Nf3 Bd6 8.
Bg3 Qc7 9. Ne5 Nbd7 10. f4 a6 11. h3 c5 12. O-O Nh5 13. Bh4 f5 14. g4 c4 15.
Qe2 Bxe5 16. fxe5 g5 17. gxf5 Ng7 18. Bxg5 Nxf5 19. Qh5+ Kf8 20. Rxf5+ exf5 21.
Rf1 Kg8 22. Nxd5 Qa5 23. Ne7+ 1-0

[Event "4.Mansfelder Schloss-Open"]
[Site "Schloss Mansfeld"]
[Date "2019.07.05"]
[Round "4.1"]
[White "Zeuner, Ole"]
[Black "Groebel, Aaron"]
[Result "1-0"]
[WhiteElo "1970"]
[BlackElo "2109"]
[PlyCount "91"]
[EventDate "2019.??.??"]

1. e4 e5 2. Nf3 Nc6 3. Bb5 Nge7 4. Nc3 Ng6 5. d4 exd4 6. Nxd4 Bb4 7. O-O O-O 8.
Nd5 Nxd4 9. Qxd4 Bd6 10. Ne3 Be5 11. Qd1 d6 12. g3 c6 13. Bd3 Bd4 14. c3 Bb6
15. Nc4 Bc7 16. Be3 Bh3 17. Re1 d5 18. Nd2 dxe4 19. Nxe4 Ne5 20. Be2 Qc8 21. f4
Ng6 22. Ng5 Bf5 23. Bc5 h6 24. Nxf7 Rxf7 25. Bc4 b6 26. Qb3 bxc5 27. Bxf7+ Kh7
28. Re8 Qxe8 29. Bxe8 c4 30. Bxg6+ Bxg6 31. Qxc4 Re8 32. Rd1 Bb6+ 33. Kf1 Bf5
34. Kg2 Re3 35. h3 Be4+ 36. Kh2 Bf3 37. Rd2 Re1 38. g4 Be4 39. Qf7 Rh1+ 40. Kg3
Rg1+ 41. Kh4 Bg6 42. Qe7 Rd1 43. Qe2 Rg1 44. f5 Bf7 45. Rd7 h5 46. Rxf7 1-0

[Event "4.Mansfelder Schloss-Open"]
[Site "Schloss Mansfeld"]
[Date "2019.07.05"]
[Round "4.3"]
[White "Baer, Soeren"]
[Black "Morgenstern, Tobias"]
[Result "0-1"]
[WhiteElo "2124"]
[BlackElo "1897"]
[PlyCount "74"]
[EventDate "2019.??.??"]

1. e4 e5 2. Nc3 Nf6 3. g3 Nc6 4. Bg2 Bb4 5. Nge2 O-O 6. O-O d6 7. h3 Re8 8. d3
h6 9. Kh2 Nd4 10. Nxd4 exd4 11. Ne2 d5 12. exd5 Bc5 13. Nf4 b6 14. d6 Rb8 15.
dxc7 Qxc7 16. c3 Bf5 17. c4 Qd7 18. a3 Re7 19. b4 Bd6 20. b5 Rbe8 21. Bc6 Qc8
22. Bxe8 Bxf4 23. Bc6 Bxc1 24. Rxc1 Bxh3 25. Bg2 Ng4+ 26. Kg1 Bxg2 27. Kxg2 Re5
28. Qf3 Rh5 29. Kg1 g6 30. Rfd1 Ne5 31. Qg2 Qg4 32. f4 Nf3+ 33. Kf2 Rh2 34. Rh1
Rxg2+ 35. Kxg2 Nd2 36. Rxh6 Qf3+ 37. Kh3 Nf1 0-1

[Event "4.Mansfelder Schloss-Open"]
[Site "Schloss Mansfeld"]
[Date "2019.07.05"]
[Round "4.4"]
[White "Hamlack, Heinz"]
[Black "Zerfass, Otfried"]
[Result "1/2-1/2"]
[WhiteElo "2011"]
[BlackElo "1829"]
[PlyCount "108"]
[EventDate "2019.??.??"]

1. Nf3 g6 2. c4 Bg7 3. Nc3 Nf6 4. g3 O-O 5. Bg2 c5 6. O-O Nc6 7. d4 cxd4 8.
Nxd4 Nxd4 9. Qxd4 d6 10. Qd3 Nd7 11. e4 Nc5 12. Qc2 a5 13. Rb1 Bd7 14. b3 Bc6
15. Re1 e6 16. Bf4 Qe7 17. Rbd1 Rad8 18. Nd5 Bxd5 19. exd5 e5 20. a3 Qc7 21.
Be3 f5 22. b4 axb4 23. axb4 Nd7 24. f4 Ra8 25. c5 Ra3 26. Qf2 Rfa8 27. cxd6 Qc4
28. Qe2 Qxb4 29. Rb1 Rb3 30. Qc2 Rxb1 31. Rxb1 Qxd6 32. Rxb7 e4 33. Bf1 Qa3 34.
Rb3 Qa4 35. Bb5 Qa1+ 36. Rb1 Qa3 37. Qb3 Qd6 38. Bc6 Ra3 39. Qb7 Rxe3 40. Bxd7
Qc5 41. Be6+ Kh8 42. Qc8+ Bf8 43. Qxc5 Bxc5 44. Kf1 h5 45. Rb8+ Kg7 46. Rb7+
Kh8 47. Bf7 h4 48. Rb5 Bd6 49. Rb6 Rf3+ 50. Ke1 Bc7 51. Rxg6 hxg3 52. hxg3 Rd3
53. g4 Bxf4 54. gxf5 Rg3 1/2-1/2

[Event "4.Mansfelder Schloss-Open"]
[Site "Schloss Mansfeld"]
[Date "2019.07.05"]
[Round "4.5"]
[White "Just, Wolfgang"]
[Black "Zimmermann, Jens"]
[Result "1-0"]
[WhiteElo "2105"]
[BlackElo "1864"]
[PlyCount "123"]
[EventDate "2019.??.??"]

1. e4 e6 2. d4 d5 3. Nc3 Nf6 4. exd5 Nxd5 5. Nf3 Be7 6. Bd3 Nxc3 7. bxc3 c5 8.
Be3 Nc6 9. Qd2 Qa5 10. O-O Bf6 11. Rfd1 O-O 12. Rab1 cxd4 13. cxd4 Qxd2 14.
Rxd2 b6 15. Ng5 g6 16. c3 Bb7 17. Ne4 Be7 18. f4 Na5 19. Rc2 Nc4 20. Bc1 Na3
21. Bxa3 Bxa3 22. Kf2 Rfd8 23. Ke3 Rac8 24. h3 h5 25. g4 hxg4 26. hxg4 Kg7 27.
g5 Rh8 28. Bf1 Rc7 29. c4 Ba6 30. Rb3 Be7 31. a3 Rh1 32. Ng3 Rh8 33. Rbc3 Rhc8
34. Ne4 Bb7 35. Bg2 Bxe4 36. Kxe4 Bd6 37. Bf1 Kf8 38. Rh2 Ke7 39. Rh7 Rd8 40.
Rch3 Rcd7 41. a4 Bb4 42. Rd3 Rc7 43. Rd1 a5 44. Be2 Rcc8 45. Rdh1 Rc7 46. Rxf7+
Kxf7 47. Rh7+ Ke8 48. Rxc7 Rd7 49. Rc8+ Rd8 50. Rxd8+ Kxd8 51. d5 Ke7 52. Bd3
Bd2 53. Kf3 exd5 54. cxd5 Kd6 55. Bxg6 Kxd5 56. Bf7+ Kd6 57. Kg4 Ke7 58. Bc4
Kf8 59. f5 Kg7 60. f6+ Kg6 61. Bd3+ Kf7 62. Kf5 1-0

[Event "4.Mansfelder Schloss-Open"]
[Site "Schloss Mansfeld"]
[Date "2019.07.05"]
[Round "4.6"]
[White "Stockmann, Till"]
[Black "Gremmer, Dieter"]
[Result "1-0"]
[WhiteElo "1933"]
[BlackElo "1716"]
[PlyCount "77"]
[EventDate "2019.??.??"]

1. e4 e5 2. Nf3 Nc6 3. Bb5 a6 4. Ba4 Nf6 5. d3 Bc5 6. O-O b5 7. Bb3 h6 8. a4 b4
9. Nbd2 d6 10. Re1 Bg4 11. c3 Qd7 12. Nf1 Qe7 13. Ng3 Qd7 14. Be3 Ba7 15. Qe2
h5 16. h3 h4 17. Nf1 Bh5 18. N1h2 Rg8 19. Qd2 bxc3 20. bxc3 Bxe3 21. Qxe3 Nh7
22. Nxh4 g5 23. Nf5 g4 24. hxg4 Bxg4 25. Nh6 Rg7 26. N6xg4 Ke7 27. Nh6 f6 28.
Nf5+ Kf8 29. Nxg7 Kxg7 30. Qg3+ Ng5 31. Nf3 Qe7 32. Bd5 Rh8 33. Nxg5 fxg5 34.
Bxc6 Kg6 35. Re3 Qh7 36. Qh3 Qg8 37. Qf5+ Kg7 38. Qxg5+ Kf8 39. Rf3+ 1-0

[Event "4.Mansfelder Schloss-Open"]
[Site "Schloss Mansfeld"]
[Date "2019.07.05"]
[Round "4.7"]
[White "Schmidt, Alexander"]
[Black "Haubold, Sebastian Marcel"]
[Result "1/2-1/2"]
[WhiteElo "1833"]
[BlackElo "1506"]
[PlyCount "96"]
[EventDate "2019.??.??"]

1. b3 d5 2. Bb2 Nd7 3. Nf3 Ngf6 4. e3 e6 5. c4 Be7 6. Be2 O-O 7. d4 b6 8. O-O
Bb7 9. Nbd2 c5 10. Rc1 dxc4 11. Nxc4 Rc8 12. Nfe5 Nxe5 13. Nxe5 cxd4 14. Qxd4
Qd5 15. Qxd5 Bxd5 16. Ba6 Rxc1 17. Rxc1 Bd6 18. Nc6 Bxc6 19. Rxc6 Rd8 20. h3 h6
21. Kf1 Nd5 22. a3 f6 23. Ke2 Kf7 24. Rc8 Rxc8 25. Bxc8 Nc7 26. Kd3 e5 27. Bd7
Ke7 28. Bc6 g6 29. Kc4 f5 30. e4 f4 31. b4 a6 32. h4 g5 33. hxg5 hxg5 34. g3
Kf6 35. gxf4 gxf4 36. Bc3 Ke6 37. f3 Be7 38. Be1 Kd6 39. Bb7 b5+ 40. Kb3 Ne6
41. Bf2 Ng5 42. Bxa6 Nxf3 43. Bc5+ Ke6 44. Bxb5 Nd2+ 45. Kc2 Nxe4 46. Bxe7 Kxe7
47. Kd3 Nf2+ 48. Ke2 Ne4 1/2-1/2